=LDR 00000nam 2200000 4500 =001 INLIS000000000017168 =005 20130612112343 =008 ***********************************Ind** =035 ##$$0010-061300000017168 =041 ##$$a Ind =082 ##$$a 2x8.1 =090 ##$$a 2x8.1, Uss j =100 ##$$a Al-Utsaimiin, Muhammad Shalih =245 ##$$a Jalan mrnuju kebenaran, Muhammad Shalih Al-Utsaimiin ; alih bahasa, Andi Bastoni =260 ##$$a 2000 $b Jakarta =300 ##$$a 181 hlm, 21 cm =650 ##$$a Ahli Sunnah Waljamaah =700 ##$$a Bastoni Andi =850 ##$$a NBPNMAT